Statistics for Pink Floyd Trivia

Click here to take the quiz!

General Stats

  • This quiz has been taken 672 times
    (580 since last reset)
  • The average score is 17 of 30

Answer Stats

Question Answer % Correct
What is the name of the album that today is the third best selling album ever?The Dark Side of the Moon
98%
Roger Waters
95%
David Gilmour
94%
And from what album is that song?The Wall
88%
What 9-part song was made as a tribute to the former member who suffered mental illness?Shine On You Crazy Diamond
87%
How many pigs are there?Three
85%
Nick Mason
84%
Richard Wright
83%
What is the band's only number one hit single in the UK and in USA?Another Brick In the Wall, Part 2
83%
And when did it come out?1979
80%
Echoes
77%
Who were the main members of the band?Syd Barrett
75%
When did their keyboardist die?2008
71%
What was their debut album?The Piper At the Gates of Dawn
71%
What is their latest album called?The Endless River
66%
Which two songs last over 23 minutes?Atom Heart Mother Suite
55%
What's the name of the movie "More" was made for?More
46%
What song from their debut album is mostly improvised?Interstellar Overdrive
38%
What was the first album not to include the "classic lineup"?The Final Cut
36%
Where did they hang the inflatable pig?Battersea Power Station
35%
What is the name of their guitarist's latest solo album? (2015)Rattle That Lock
32%
Who played the saxophone in "Money" and "Us and Them"?Dick Parry
27%
Which American blues singer inspired the band to have "Pink" in their name?Pink Anderson
27%
Who sang "The Great Gig In the Sky"?Clare Torry
26%
There's only ONE studio song where they all played together, which one?Set the Controls For the Heart of the Sun
22%
Which American blues singer inspired the band to have "Floyd" in their name?Floyd Council
21%
Who's the third one?Mary Whitehouse
18%
What's the full name for the third song for Ummagumma (excluding the live record and assuming that Sysyphus is one song)Several Species of Small Furry Animals Gathered Together In a Cave and Grooving With a Pict
18%
What comic book figure is barely seen on the cover of A Saucerful of Secrets?Doctor Strange
16%
What's the name of the movie "Obscured by Clouds" was made for?La Vallée
16%

Score Distribution

Percentile by Number Answered

Percent of People with Each Score

Your Score History

You have not taken this quiz since the last reset